10 minute guide to Word for Windows 2 (Record no. 15113)

MARC details
000 -LEADER
fixed length control field 00622nam a22002177a 4500
003 - CONTROL NUMBER IDENTIFIER
control field URS
005 - DATE AND TIME OF LATEST TRANSACTION
control field 20230411104008.0
008 - FIXED-LENGTH DATA ELEMENTS--GENERAL INFORMATION
fixed length control field 180207b xxu||||| |||| 00| 0 eng d
040 ## - CATALOGING SOURCE
Transcribing agency urs
050 ## - LIBRARY OF CONGRESS CALL NUMBER
Classification number Z 52.5 A38 1992
100 ## - MAIN ENTRY--PERSONAL NAME
9 (RLIN) 4428
Personal name Aitken, Peter G.
Relator term author
245 ## - TITLE STATEMENT
Title 10 minute guide to Word for Windows 2
Statement of responsibility, etc. Peter G. Aitken
260 ## - PUBLICATION, DISTRIBUTION, ETC.
Place of publication, distribution, etc. Indiana, USA
Name of publisher, distributor, etc. Sams
Date of publication, distribution, etc. 1992
336 ## - CONTENT TYPE
Source rdacontent
Content type term text
Content type code txt
337 ## - MEDIA TYPE
Source rdamedia
Media type term unmediated
Media type code n
338 ## - CARRIER TYPE
Source rdacarrier
Carrier type term volume
Carrier type code nc
650 #0 - SUBJECT ADDED ENTRY--TOPICAL TERM
9 (RLIN) 4429
Topical term or geographic name entry element Microsoft Word
650 #0 - SUBJECT ADDED ENTRY--TOPICAL TERM
9 (RLIN) 4430
Topical term or geographic name entry element Word processing
700 ## - ADDED ENTRY--PERSONAL NAME
Relator code author
Personal name Aitken. Peter G.
942 ## - ADDED ENTRY ELEMENTS (KOHA)
Source of classification or shelving scheme Library of Congress Classification
Koha item type Foreign Books
Holdings
Withdrawn status Source of classification or shelving scheme Damaged status Not for loan Collection code Home library Current library Shelving location Date acquired Total Checkouts Full call number Barcode Date last seen Price effective from Koha item type
  Library of Congress Classification     Non-fiction Binangonan College Library Binangonan College Library Foreign Section 06/07/2023   Z 52.5 A38 1992 URSBIN-646 02/07/2018 02/07/2018 Foreign Books

University of Rizal System
Email us at univlibservices@urs.edu.ph

Visit our Website www.urs.edu.ph/library